Nommez ces kpop idols de l'agence SM - Statistiques

Statistiques générales
  • Ce quiz a été pris 213 fois
    85 depuis la dernière actualisation
  • Le résultat moyen est 67 sur 139
Statistiques - réponses
Groupes Membres % Correct
Kai
97%
Giselle
94%
Aespa: Karina
94%
Red Velvet: Irene
93%
Winter
93%
Wendy
91%
Ningning
90%
Joy
88%
Chen
87%
Seulgi
87%
Mark
84%
Taemin
82%
DO
81%
Minho
79%
Yeri
76%
Key
75%
Ten
75%
SNSD: Taeyeon
72%
Baekhyun
70%
Jaehyun
70%
Seunghan
70%
Yuta
70%
Chanyeol
69%
Chenle
69%
Doyoung
69%
NCT 127: Johnny
69%
Lucas
69%
RIIZE: Shotaro
69%
Winwin
69%
Haechan
67%
Jaemin
67%
WAYV: Kun
67%
Shinee: Onew
67%
Sehun
67%
Suho
67%
Sungchan
67%
Taeyong
67%
Tony an
67%
Wonbin
67%
Anton
66%
Jeno
66%
Xiaojun
66%
Hendery
64%
Jisung
64%
Jonghyun
64%
Jungwoo
64%
Yangyang
63%
Renjun
61%
Sohee
61%
Lay
60%
Sakuya
57%
Eunseok
55%
Artistes Solo | GOT the beat: BoA
54%
NCT Wish: Sion
52%
EXO: Xiumin
52%
Riku
51%
Ryo
51%
Jaehee
49%
Yoona
49%
Heechul
48%
Hyoyeon
46%
Tiffany
46%
Jessica
45%
Kris
43%
Changmin
42%
Luhan
42%
Yushi
42%
Tao
40%
Amber
39%
Super Junior: Leeteuk
39%
Shindong
37%
Sulli
37%
Yuri
37%
Sunny
34%
Krystal
31%
Siwon
31%
F(X): Victoria
31%
TVXQ: Yunho
31%
Luna
30%
Kyuhyun
28%
Donghae
27%
Seohyun
27%
Sooyoung
27%
Yesung
27%
Jaejoong
25%
Eunhyuk
24%
Kangta
21%
Eugene
18%
Sungmin
16%
S.E.S: Bada
15%
Shinhwa: Eric
15%
Kangin
15%
Kibum
15%
Hangeng
13%
Shoo
13%
Isak
12%
Isak 'N' Jiyeon: Jiyeon
12%
Yoochun
12%
Junsu
10%
Ryewook
10%
Hyesung
6%
Minwoo
6%
Andy
4%
Fly To The Sky: Brian Joo
4%
Dongwan
4%
H.O.T: Heejun
4%
Jaewon
4%
TRAXX: Jay
4%
Junjin
4%
Woohyuk
4%
Attack
3%
Sugar: Harin
3%
Hwanhee
3%
The Blue: Jichang
3%
Jungeum
3%
Jungmo
3%
Soojin
3%
Yewon
3%
Ayumi
1%
Ginjo
1%
Rose
1%
Minjoong
0%
Aucun quiz correspondant
Distribution des résultats
% des personnes avec chaque résultat
Percentile par nombre de réponses
Votre historique - résultats
Vous n’avez pas pris ce quiz depuis la dernière actualisation